Group theory

Saved in:
Bibliografiske detaljer
Main Authors: Bryce, R. A (Author), Cossey, J (Author), Newman, M. F (Author)
Format: Bog
Sprog:engelsk
Udgivet: Berlín Springer-Verlag 1977
Serier:Lecture Notes in Mathematics, 573
Fag:
Tags: Tilføj Tag
Ingen Tags, Vær først til at tagge denne postø!

MARC

LEADER 00000nam a2200000 a 4500
001 UCQ9202
003 CL-VaPUC
005 20230331074316.0
008 981230e19770000gw 1 eng d
082 0 4 |a 512.2  |b BRY  |2 21 
100 1 |a Bryce, R. A  |e author  |9 619231 
700 1 |a Cossey, J  |e author  |9 619232 
700 1 |a Newman, M. F  |e author  |9 619233 
245 1 0 |a Group theory 
260 |a Berlín  |b Springer-Verlag  |c 1977 
300 |a 146 p 
490 0 |a Lecture Notes in Mathematics, 573 
583 |a last modification  |c 19981230 00:00:00  |k Rodrigo Vera 
650 0 0 |a Teoría de grupos   |9 270028 
650 0 0 |a Grupos finitos  |9 270201 
650 0 0 |a Representaciones de grupos   |9 417402 
650 0 7 |a CONFERENCIAS  |2 CL-VaPUC  |9 619234 
942 |c BK 
945 |a crobeson  |d 19981230 00:00:00 
546 |a En Inglés 
518 |p Group Theory, Canberra, 4 al 6 de noviembre de 1975 
999 |c 383312  |d 383310 
952 |0 0  |1 0  |4 0  |6 512_200000000000000_BRY_1977  |7 0  |8 A  |9 505395  |a BIBMAT  |b BIBMAT  |d 2020-01-23  |i 1313177  |o 512.2 BRY 1977  |p 1313177  |r 2025-01-07  |w 2020-01-23  |y BK  |k MAT